Statistics for U.S. College Towns #2

Click here to take the quiz!

General Stats

  • This quiz has been taken 26,585 times
    (19,786 since last reset)
  • The average score is 14 of 24

Answer Stats

City University % Correct
Ann ArborMichigan
90%
Chapel HillNorth Carolina
83%
BoulderColorado
79%
College ParkMaryland
72%
GainesvilleFlorida
72%
DurhamDuke
70%
South BendNotre Dame
69%
New HavenYale
68%
EugeneOregon
66%
AnnapolisNavy
59%
College StationTexas A&M
59%
ProvoBrigham Young
58%
State CollegePenn State
55%
New OrleansTulane
52%
ProvidenceBrown
51%
IthacaCornell
49%
LawrenceKansas
49%
CharlottesvilleVirginia
49%
WacoBaylor
48%
EvanstonNorthwestern
45%
MissoulaMontana
40%
BaltimoreJohns Hopkins
40%
West LafayettePurdue
39%
HanoverDartmouth
28%

Score Distribution

Percentile by Number Answered

Percent of People with Each Score

Your Score History

You have not taken this quiz since the last reset